| 000 | 00534cam a2200205ua 4500 | ||
|---|---|---|---|
| 020 | _c2.25 | ||
| 041 |
_aeng _h |
||
| 082 |
_a954 _bMUN/IN |
||
| 100 | _aMunshi, K.M . | ||
| 245 | 0 | 0 |
_aIndian Inheritage / _cK.M.Munshi. _hTextual Documents |
| 260 |
_aMumbai : _bBharatiya Vidya Bhavan , _c1959. |
||
| 300 | _a256 ; . | ||
| 365 | _a2.25 | ||
| 440 | 0 |
_aBhavan`s book University, _vvol 2 _x; |
|
| 490 | 0 |
_aBhavan`s book University, _vvol 2 _x; |
|
| 504 | _a | ||
| 700 | 1 | _aDiwakar, R.R . | |
| 942 | _cBK | ||
| 999 |
_c731 _d731 |
||